Sor juana inés de la cruz o las trampas de fe /
Guardado en:
| Autor Principal: | |
|---|---|
| Formato: | Libro |
| Publicado: |
Buenos Aires :
Fondo de Cultura Econ¢mica,
1988
|
| Series: | Lengua y estudios literarios
|
| Materias: | |
| Etiquetas: |
Agregar Etiqueta
Sin Etiquetas, Sea el primero en etiquetar este registro!
|
| LEADER | 00535nam a22001815a 4500 | ||
|---|---|---|---|
| 001 | CEM.cems004960 | ||
| 005 | 20060217000000.0 | ||
| 008 | 130507s1988##################000#0#####d | ||
| 003 | CEMS | ||
| 082 | 0 | 4 | |a 922 |
| 100 | 1 | |a Paz, Octavio | |
| 245 | 1 | 0 | |a Sor juana inés de la cruz o las trampas de fe / |
| 260 | |a Buenos Aires : |b Fondo de Cultura Econ¢mica, |c 1988 | ||
| 300 | |a 673 p. | ||
| 490 | 0 | |a Lengua y estudios literarios | |
| 653 | |a Donacion c. basico | ||
| 653 | |a Religion | ||
| 859 | |a CEMS |b BIB. CEMS - 11 de abril |h 922 |i J87a3 |p 15942.90 |t Ej.1 | ||
